000
00298nam a22001337a 4500
008
170220b xxu||||| |||| 00| 0 eng d
020
_a
9780205153619
041
_a
eng
080
_2
2ND
_a
615
100
_a
5
101
_a
SHF
245
_a
DRUGS AND HUMAN BEHAVIOUR
_c
GRILLY, D.M
942
_2
udc
_c
BK
999
_c
5804
_d
5804